Федеральная целевая программа "Культура России (2006 - 2010 годы)"; Библиотечное дело - XXI век; № 1

Λεπτομέρειες βιβλιογραφικής εγγραφής
Parent link:Библиотечное дело - XXI век: приложение к журналу "Библиотековедение".— , 2002-
№ 1.— 2006.— С. 4-45
Συγγραφή απο Οργανισμό/Αρχή: Министерство культуры и массовых коммуникаций Российской Федерации
Γλώσσα:Ρωσικά
Έκδοση: 2006
Σειρά:Теория и практика: точки пересечения
Θέματα:
Μορφή: Κεφάλαιο βιβλίου
KOHA link:https://koha.lib.tpu.ru/cgi-bin/koha/opac-detail.pl?biblionumber=401801

MARC

LEADER 00000naa2a2200000 4500
001 401801
005 20231101065622.0
035 |a (RuTPU)RU\TPU\prd\46164 
090 |a 401801 
100 |a 20060915a2006 k y0rusy50 ca 
101 0 |a rus 
102 |a RU 
200 1 |a Федеральная целевая программа "Культура России (2006 - 2010 годы)"  |g Министерство культуры и массовых коммуникаций Российской Федерации 
225 1 |a Теория и практика: точки пересечения  |i Тема: Культура - Общество - Библиотека 
461 0 |0 (RuTPU)RU\TPU\prd\7961  |t Библиотечное дело - XXI век  |o приложение к журналу "Библиотековедение"  |o научно-практический сборник  |d 2002- 
463 0 |0 (RuTPU)RU\TPU\prd\45931  |t № 1  |v С. 4-45  |d 2006 
610 1 |a Федеральная целевая программа 
610 1 |a Культура Россиии 2006-2010 
610 1 |a паспорт программы 
610 1 |a цели 
610 1 |a задачи 
610 1 |a индикаторы Программы 
610 1 |a мероприятия 
712 0 2 |a Министерство культуры и массовых коммуникаций Российской Федерации 
801 1 |a RU  |b 63413507  |c 20060915  |g PSBO 
942 |c BK